000 00578nam a2200241Ia 4500
008 170203s9999 xx 000 0 und d
020 _a0-861631501
050 _aFic
050 _bT143
245 _aTales from the Arabian Nights /
260 _aLondon :
260 _bAward Publications Ltd.
260 _c1983
300 _a48 pages :
300 _c27 cm.
440 _aEasy to Read & Colour.
650 _aArabs --
650 _aFairy tales --
650 _aTales --
650 _xArab countries.
650 _xArab countries.
650 _xFolklore.
999 _c306540
_d306540